| 000 | 00831cam a2200253u 4500 | ||
|---|---|---|---|
| 001 | 17926 | ||
| 003 | BD-RjUL | ||
| 005 | 20211209000219.0 | ||
| 008 | 140219r19601938stk 001 0 eng d | ||
| 035 | _a(BD-RjUL)17984 | ||
| 040 |
_aDLC _cCarP _dDLC _dBD-RjUL _beng |
||
| 041 | _aeng | ||
| 082 | 0 | 0 |
_a821.09 _bREA 1960 |
| 100 | 1 |
_aReid, Margaret Jane Cornfute, _d1886- [from old catalog] _955301 |
|
| 245 | 1 | 4 |
_aThe Arthurian legend : _bComparison of Treatment in Modern and Medieval Literature / |
| 260 |
_aEdinburgh : _bOliver and Boyd, _cc1938 [Reprinted 1960] |
||
| 300 |
_aviii,277p. ; _c24cm. |
||
| 504 | _aIncludes Index | ||
| 650 | 0 |
_aArthurian romances _xHistory and criticism. _920422 |
|
| 650 | 0 |
_aComparative literature _xThemes, motives. _954239 |
|
| 942 |
_2ddc _cBK |
||
| 999 |
_c17926 _d17926 |
||